[Event "Oberhausener SV 1 - Krefelder SK Turm 2"]
[Site "NRW-Klasse - Gruppe 3 2021/20"]
[Date "2022.06.12"]
[Round "5.4"]
[White "Mancic, Ivan"]
[Black "Arning, Peter"]
[Result "1-0"]
[WhiteElo "2101"]
[BlackElo "1839"]
[PlyCount "81"]
[EventDate "2022.??.??"]
[SourceVersionDate "2020.03.16"]
[WhiteTeam "Oberhausener SV 1"]
[BlackTeam "Krefelder SK Turm 2"]

1. d4 g6 2. c4 Bg7 3. Nf3 d6 4. g3 Nf6 5. Nc3 c6 6. Bg2 Nbd7 7. O-O O-O 8. e4
e5 9. h3 exd4 10. Nxd4 a5 11. Be3 Nc5 12. b3 Re8 13. Qc2 Qe7 14. Rfe1 Be6 15.
Rad1 Rad8 16. Kh2 Qc7 17. f4 Bc8 18. Bf2 Nfd7 19. Rd2 Ne6 20. Nde2 Ndc5 21.
Red1 Na6 22. a3 Nec5 23. Nd4 Qb6 24. Rb1 Qc7 25. b4 axb4 26. axb4 Ne6 27. Nde2
Nf8 28. Na4 Nd7 29. Nd4 Bxd4 30. Bxd4 Nxb4 31. Rxb4 c5 32. Ba1 cxb4 33. Qb2 f6
34. Qxb4 Nc5 35. Bxf6 Rd7 36. Ba1 Nxa4 37. Qxa4 Rde7 38. Qb4 Rd8 39. Qc3 Rg7
40. c5 b6 41. Qxg7+ 1-0

[Event "Oberhausener SV 1 - Krefelder SK Turm 2"]
[Site "NRW-Klasse - Gruppe 3 2021/20"]
[Date "2022.06.12"]
[Round "5.6"]
[White "Voge, Andreas"]
[Black "Zagrabski, Marc"]
[Result "1-0"]
[WhiteElo "2012"]
[BlackElo "1762"]
[PlyCount "61"]
[EventDate "2022.??.??"]
[SourceVersionDate "2020.03.16"]
[WhiteTeam "Oberhausener SV 1"]
[BlackTeam "Krefelder SK Turm 2"]

1. e4 c5 2. Nf3 Nc6 3. d4 cxd4 4. Nxd4 g6 5. c4 Bg7 6. Be3 d6 7. Nc3 Nf6 8. Be2
O-O 9. O-O a6 10. Qd2 Ng4 11. Bxg4 Bxg4 12. f3 Bd7 13. Rac1 Rc8 14. b3 Re8 15.
Rfd1 Qa5 16. Qf2 b5 17. Nxc6 Rxc6 18. Nd5 bxc4 19. bxc4 Be6 20. c5 dxc5 21.
Rxc5 Rxc5 22. Bxc5 Bxd5 23. exd5 Qa4 24. Qd2 Rc8 25. Bxe7 Rc2 26. Qb4 Qxb4 27.
Bxb4 Rc4 28. Be7 Bd4+ 29. Kf1 f5 30. d6 Bc5 31. Bf6 1-0

[Event "Oberhausener SV 1 - Krefelder SK Turm 2"]
[Site "NRW-Klasse - Gruppe 3 2021/20"]
[Date "2022.06.12"]
[Round "5.7"]
[White "Hase-Thies, Gerald"]
[Black "Krueger, André"]
[Result "1/2-1/2"]
[WhiteElo "1529"]
[BlackElo "1957"]
[PlyCount "92"]
[EventDate "2022.??.??"]
[SourceVersionDate "2020.03.16"]
[WhiteTeam "Krefelder SK Turm 2"]
[BlackTeam "Oberhausener SV 1"]

1. d4 d5 2. Nf3 e6 3. c4 a6 4. e3 c5 5. a3 Nf6 6. Nc3 dxc4 7. Bxc4 b5 8. Bd3
Bb7 9. O-O Nbd7 10. Re1 Be7 11. e4 cxd4 12. Nxd4 Nc5 13. Bc2 e5 14. Nf5 Qxd1
15. Rxd1 g6 16. Nxe7 Kxe7 17. Bg5 Rad8 18. Nd5+ Bxd5 19. exd5 Rd6 20. b4 Ncd7
21. Bb3 Rc8 22. f4 Rc3 23. Rab1 e4 24. Re1 e3 25. f5 gxf5 26. Bxe3 Ne4 27. Bf4
Rg6 28. a4 bxa4 29. Bxa4 Nb6 30. d6+ Kd8 31. Bb3 Nc4 32. b5 axb5 33. Bxc4 Rxc4
34. Rxb5 Nxd6 35. Bxd6 Rxd6 36. Rxf5 f6 37. Ra5 Rc2 38. Ra8+ Rc8 39. Ra7 Rc7
40. Ra8+ Rc8 41. Rxc8+ Kxc8 42. g4 Kd7 43. Kg2 h5 44. gxh5 Rd5 45. Kg3 Rxh5 46.
h4 f5 1/2-1/2

[Event "Oberhausener SV 1 - Krefelder SK Turm 2"]
[Site "NRW-Klasse - Gruppe 3 2021/20"]
[Date "2022.06.12"]
[Round "5.8"]
[White "Stefaniak, Christian"]
[Black "Dueckers, Benedikt"]
[Result "1-0"]
[WhiteElo "1863"]
[BlackElo "1568"]
[PlyCount "41"]
[EventDate "2022.??.??"]
[SourceVersionDate "2020.03.16"]
[WhiteTeam "Oberhausener SV 1"]
[BlackTeam "Krefelder SK Turm 2"]

1. e4 c5 2. Nf3 Nc6 3. c3 d5 4. exd5 Qxd5 5. d4 cxd4 6. cxd4 Nf6 7. Nc3 Qa5 8.
d5 Nb4 9. Ne5 a6 10. Nc4 Qd8 11. Qa4+ b5 12. Qxb4 e5 13. Qa5 bxc4 14. Qxd8+
Kxd8 15. Bxc4 Bb4 16. Bd2 Bb7 17. a3 Bxc3 18. Bxc3 Nd7 19. Rd1 f6 20. O-O Nb6
21. Ba5 1-0

[Event "SV Turm Kamp-Lintfort 1 - SF Düsseldor"]
[Site "NRW-Klasse - Gruppe 3 2021/20"]
[Date "2022.03.27"]
[Round "7.1"]
[White "Kontorovitch, Vladimir"]
[Black "Ratering, Jona"]
[Result "0-1"]
[WhiteElo "2120"]
[BlackElo "2119"]
[PlyCount "58"]
[EventDate "2022.??.??"]
[SourceVersionDate "2020.03.16"]
[WhiteTeam "SF Düsseldorf-Süd 1"]
[BlackTeam "SV Turm Kamp-Lintfort 1"]

1. e4 c5 2. Nc3 Nc6 3. g3 g6 4. Bg2 Bg7 5. Nge2 d6 6. d3 e5 7. O-O Nge7 8. h3
O-O 9. f4 exf4 10. Nxf4 Rb8 11. Nfd5 Nxd5 12. Nxd5 Be6 13. c3 b5 14. Bf4 b4 15.
Qd2 bxc3 16. bxc3 Bxd5 17. exd5 Ne5 18. Bg5 f6 19. Bf4 f5 20. Bg5 Qc7 21. Rae1
Rfe8 22. g4 fxg4 23. hxg4 Nxg4 24. Re6 Ne5 25. Bf6 Rxe6 26. dxe6 Bxf6 27. Rxf6
Qe7 28. Qf4 Kg7 29. Rf7+ Nxf7 0-1

[Event "SV Turm Kamp-Lintfort 1 - SF Düsseldor"]
[Site "NRW-Klasse - Gruppe 3 2021/20"]
[Date "2022.03.27"]
[Round "7.2"]
[White "Schneider, Christoph"]
[Black "Tagsold, Christian"]
[Result "0-1"]
[WhiteElo "2158"]
[BlackElo "2115"]
[PlyCount "126"]
[EventDate "2022.??.??"]
[SourceVersionDate "2020.03.16"]
[WhiteTeam "SV Turm Kamp-Lintfort 1"]
[BlackTeam "SF Düsseldorf-Süd 1"]

1. c4 e6 2. d3 d5 3. Nd2 Nf6 4. g3 Be7 5. Bg2 O-O 6. Ngf3 Nc6 7. O-O d4 8. a3
a5 9. b3 e5 10. Qc2 Re8 11. Bb2 h6 12. h3 Bf5 13. Ne4 Nd7 14. Rad1 Qc8 15. g4
Bg6 16. Ng3 Nf8 17. Nd2 Ne6 18. Be4 Nf4 19. Kh2 Bg5 20. Bf5 Qd8 21. Nde4 Ne7
22. e3 Ne6 23. Qe2 Nf8 24. Kg2 Bh4 25. Qf3 Bxg3 26. fxg3 f6 27. Bxg6 Nexg6 28.
h4 Nh7 29. g5 Rf8 30. Qh5 Qe8 31. Qg4 h5 32. Qe2 f5 33. Nd2 dxe3 34. Qxe3 f4
35. Qe4 fxg3 36. Kxg3 Qd7 37. Qd5+ Qxd5 38. cxd5 Rf4 39. Rxf4 exf4+ 40. Kh3 Rd8
41. Ne4 Rxd5 42. a4 Nhf8 43. Rd2 Ne6 44. Nc3 Rd7 45. Ne4 Kf7 46. Bc3 b6 47. Bb2
Nd4 48. Bxd4 Rxd4 49. Nf2 Ke6 50. Rc2 Kd7 51. Re2 Rd6 52. Re4 Re6 53. Rd4+ Ke7
54. Ne4 Rc6 55. b4 axb4 56. Rxb4 Rc1 57. a5 bxa5 58. Ra4 Re1 59. Rxa5 Re3+ 60.
Kg2 Rxd3 61. Ra7 Nxh4+ 62. Kg1 Rd1+ 63. Kf2 Rc1 0-1

[Event "SV Turm Kamp-Lintfort 1 - SF Düsseldor"]
[Site "NRW-Klasse - Gruppe 3 2021/20"]
[Date "2022.03.27"]
[Round "7.3"]
[White "Hoffmann, André"]
[Black "Hagen, Gunter"]
[Result "0-1"]
[WhiteElo "1963"]
[BlackElo "2122"]
[PlyCount "78"]
[EventDate "2022.??.??"]
[SourceVersionDate "2020.03.16"]
[WhiteTeam "SF Düsseldorf-Süd 1"]
[BlackTeam "SV Turm Kamp-Lintfort 1"]

1. e4 Nf6 2. e5 Nd5 3. d4 d6 4. Nf3 dxe5 5. Nxe5 g6 6. Bc4 Be6 7. O-O Bg7 8.
Nd2 Nd7 9. Nef3 N7f6 10. Re1 O-O 11. c3 c6 12. a4 Bf5 13. h3 Re8 14. Nb3 Qc7
15. Nc5 Rad8 16. Ne5 Nd7 17. Ncxd7 Bxd7 18. Bd2 Be6 19. Qb3 Qb6 20. Qa2 a5 21.
Rad1 c5 22. dxc5 Qxc5 23. Be3 Nxe3 24. Rxd8 Rxd8 25. Bxe6 Qxe5 26. Bxf7+ Kf8
27. Bg8 e6 28. Bxe6 Rd1 29. Rxd1 Nxd1 30. Qc4 Ke7 31. Bg8 Nxb2 32. Qf7+ Kd6 33.
f4 Qxc3 34. Qxb7 Qc1+ 35. Kf2 Nd3+ 36. Ke2 Nxf4+ 37. Kf3 Qf1+ 38. Kg3 Ne2+ 39.
Kg4 Qf4# 0-1

[Event "SV Turm Kamp-Lintfort 1 - SF Düsseldor"]
[Site "NRW-Klasse - Gruppe 3 2021/20"]
[Date "2022.03.27"]
[Round "7.4"]
[White "Westermann, Johannes"]
[Black "Schmitz, Fabian"]
[Result "1-0"]
[WhiteElo "2011"]
[BlackElo "1844"]
[PlyCount "59"]
[EventDate "2022.??.??"]
[SourceVersionDate "2020.03.16"]
[WhiteTeam "SV Turm Kamp-Lintfort 1"]
[BlackTeam "SF Düsseldorf-Süd 1"]

1. d4 Nf6 2. c4 g6 3. Nc3 Bg7 4. e4 d6 5. Nf3 O-O 6. Be2 e5 7. d5 a5 8. Bg5 h6
9. Be3 Na6 10. Nd2 Nc5 11. g4 Ne8 12. Qc2 Qh4 13. g5 hxg5 14. Nf3 Qh8 15. Nxg5
Qh4 16. O-O-O Bg4 17. Rdg1 Bxe2 18. Qxe2 Nf6 19. f3 Bh6 20. Rg3 Bxg5 21. Bxg5
Qh8 22. Qe3 Rfe8 23. Kc2 Ncd7 24. Qf2 Qh5 25. Qg2 Nh7 26. Be3 Qh4 27. Rg4 Qf6
28. h4 Kh8 29. Bg5 Qg7 30. h5 1-0

[Event "SV Turm Kamp-Lintfort 1 - SF Düsseldor"]
[Site "NRW-Klasse - Gruppe 3 2021/20"]
[Date "2022.03.27"]
[Round "7.5"]
[White "Huenemeyer, Dirk"]
[Black "Bosser, Heinz-Dieter"]
[Result "1/2-1/2"]
[WhiteElo "1913"]
[BlackElo "1991"]
[PlyCount "81"]
[EventDate "2022.??.??"]
[SourceVersionDate "2020.03.16"]
[WhiteTeam "SF Düsseldorf-Süd 1"]
[BlackTeam "SV Turm Kamp-Lintfort 1"]

1. c4 Nf6 2. Nc3 e6 3. e4 d6 4. g3 c5 5. Bg2 Be7 6. Nge2 O-O 7. O-O Nc6 8. f4
a6 9. d3 Qc7 10. h3 Rb8 11. Be3 b5 12. Qd2 Re8 13. g4 bxc4 14. dxc4 Nd4 15. Ng3
Bf8 16. Qf2 Bb7 17. Kh1 Nc6 18. b3 Rbd8 19. f5 Ne5 20. g5 Nfd7 21. Nh5 g6 22.
fxg6 fxg6 23. Nf6+ Nxf6 24. gxf6 Nf7 25. h4 Bh6 26. Rae1 Bxe3 27. Rxe3 Kh8 28.
Rd1 Rg8 29. Ne2 Rge8 30. Nf4 Ne5 31. Rg3 Qf7 32. Nh3 Rf8 33. Rf1 h6 34. Qf4 Kh7
35. h5 Rg8 36. hxg6+ Rxg6 37. Rxg6 Qxg6 38. f7 Rf8 39. Qh4 Rxf7 40. Rxf7+ Nxf7
41. Nf4 1/2-1/2

[Event "SV Turm Kamp-Lintfort 1 - SF Düsseldor"]
[Site "NRW-Klasse - Gruppe 3 2021/20"]
[Date "2022.03.27"]
[Round "7.6"]
[White "Esser, Jochen"]
[Black "Jaeckel, Norbert"]
[Result "1/2-1/2"]
[WhiteElo "1948"]
[BlackElo "1894"]
[Annotator "daniel"]
[PlyCount "49"]
[EventDate "2022.??.??"]
[SourceVersionDate "2020.03.16"]
[WhiteTeam "SV Turm Kamp-Lintfort 1"]
[BlackTeam "SF Düsseldorf-Süd 1"]

1. e4 e5 2. Nf3 Nc6 3. Bc4 Bc5 4. c3 Nf6 5. d4 exd4 6. cxd4 Bb4+ 7. Bd2 Bxd2+
8. Nbxd2 d5 9. exd5 Nxd5 10. Ne5 Nxe5 11. dxe5 O-O 12. O-O Nb6 13. Bb3 Qe7 14.
Re1 Be6 $11 15. Qf3 Bxb3 16. Nxb3 c6 17. Rad1 Rad8 18. Nd4 g6 19. Qg3 Qc5 20.
Qh4 Rfe8 21. Nf3 Rxd1 22. Rxd1 Qc2 23. Re1 Qc4 24. Qh6 Qg4 25. Ng5 1/2-1/2

[Event "SV Turm Kamp-Lintfort 1 - SF Düsseldor"]
[Site "NRW-Klasse - Gruppe 3 2021/20"]
[Date "2022.03.27"]
[Round "7.7"]
[White "Reinartz, Achim"]
[Black "Schubert, Mario"]
[Result "1/2-1/2"]
[WhiteElo "1961"]
[BlackElo "1841"]
[Annotator "daniel"]
[PlyCount "77"]
[EventDate "2022.??.??"]
[SourceVersionDate "2020.03.16"]
[WhiteTeam "SF Düsseldorf-Süd 1"]
[BlackTeam "SV Turm Kamp-Lintfort 1"]

1. Nf3 c5 2. c4 Nc6 3. Nc3 g6 4. g3 d6 5. Bg2 Bd7 6. d3 Bg7 7. Bd2 Nf6 8. Qc1
O-O 9. O-O Re8 10. Ng5 h6 11. Nge4 Nxe4 12. Bxe4 h5 13. h4 Rb8 14. Bg2 a6 15.
a4 Nd4 16. Qd1 Bc6 17. e3 Bxg2 18. Kxg2 Nc6 19. Qe2 Na5 $11 20. Ra3 f5 21. Rb1
Nc6 22. Nd5 e5 23. b4 cxb4 24. Bxb4 f4 25. Bc3 fxg3 26. fxg3 Rf8 27. Rab3 Qd7
28. e4 Rf7 29. Rf1 Rxf1 30. Qxf1 Rf8 31. Qe2 Nd8 32. Nb6 Qe6 33. Rb1 Nc6 34.
Rf1 Rxf1 35. Qxf1 Qf7 36. Qxf7+ Kxf7 37. Kf3 Bh6 38. Nd5 Ke6 39. Ke2 1/2-1/2

[Event "SV Turm Kamp-Lintfort 1 - SF Düsseldor"]
[Site "NRW-Klasse - Gruppe 3 2021/20"]
[Date "2022.03.27"]
[Round "7.8"]
[White "Schmidt, Konrad"]
[Black "Heinzel, Thomas"]
[Result "1-0"]
[WhiteElo "1849"]
[BlackElo "1836"]
[PlyCount "63"]
[EventDate "2022.??.??"]
[SourceVersionDate "2020.03.16"]
[WhiteTeam "SV Turm Kamp-Lintfort 1"]
[BlackTeam "SF Düsseldorf-Süd 1"]

1. e4 c5 2. Nf3 e6 3. d3 b5 4. Nbd2 Bb7 5. g3 Nf6 6. Bg2 Be7 7. O-O Nc6 8. Re1
d5 9. e5 Nd7 10. Nf1 O-O 11. h4 Qc7 12. Bf4 d4 13. N1h2 Nb6 14. Qe2 Nd5 15. Bg5
Rae8 16. Ng4 f6 17. exf6 Bxf6 18. Bxf6 gxf6 19. Bh3 Kh8 20. Qd2 Rg8 21. Nh6 Nf4
22. Nxg8 Rxg8 23. Bxe6 Nxe6 24. Rxe6 Ne5 25. Nxe5 fxe5 26. Qh6 Qd7 27. Qf6+ Rg7
28. Qxe5 Bc6 29. Re1 Kg8 30. Rd6 Qc8 31. Qf6 Bd7 32. Re7 1-0

[Event "Oberhausener SV 1 - Kölner SK Dr. Lask"]
[Site "NRW-Klasse - Gruppe 3 2021/20"]
[Date "2022.03.27"]
[Round "7.1"]
[White "Di Franco, Patricio"]
[Black "Becker, Marcel"]
[Result "1/2-1/2"]
[WhiteElo "2049"]
[BlackElo "2321"]
[PlyCount "35"]
[EventDate "2022.??.??"]
[SourceVersionDate "2020.03.16"]
[WhiteTeam "Kölner SK Dr. Lasker 2"]
[BlackTeam "Oberhausener SV 1"]

1. d4 d5 2. c4 e6 3. Nc3 Nf6 4. Nf3 Be7 5. g3 O-O 6. Bg2 c6 7. O-O Nbd7 8. Qd3
b6 9. e4 Ba6 10. b3 c5 11. Rd1 Rc8 12. exd5 exd5 13. Qf5 dxc4 14. d5 Ne8 15.
Bh3 Rc7 16. Bf4 Nd6 17. Qc2 Bc8 18. Ng5 1/2-1/2

[Event "Oberhausener SV 1 - Kölner SK Dr. Lask"]
[Site "NRW-Klasse - Gruppe 3 2021/20"]
[Date "2022.03.27"]
[Round "7.2"]
[White "Montignies, Rainer"]
[Black "Mandt, Mathias"]
[Result "1/2-1/2"]
[WhiteElo "2260"]
[BlackElo "2052"]
[PlyCount "237"]
[EventDate "2022.??.??"]
[SourceVersionDate "2020.03.16"]
[WhiteTeam "Oberhausener SV 1"]
[BlackTeam "Kölner SK Dr. Lasker 2"]

1. Nf3 d5 2. g3 c6 3. Bg2 Nf6 4. c4 e6 5. O-O Nbd7 6. d4 dxc4 7. a4 b5 8. axb5
cxb5 9. Ne5 Nd5 10. Nc3 Bb7 11. Nxb5 Nxe5 12. dxe5 Qb6 13. Nc3 Nxc3 14. bxc3
Bxg2 15. Kxg2 Qc6+ 16. f3 Bc5 17. Qa4 Rc8 18. Rd1 O-O 19. Qxc6 Rxc6 20. Ba3
Bxa3 21. Rxa3 Rc5 22. Rxa7 Rxe5 23. Kf2 Rc5 24. Rdd7 g6 25. Rac7 Rc8 26. Rd8+
Rxd8 27. Rxc5 Kf8 28. g4 Rd1 29. Rxc4 Rd5 30. Rc8+ Ke7 31. Rc7+ Kf6 32. c4 Ra5
33. c5 h5 34. gxh5 gxh5 35. Kg3 Ra2 36. Kf2 Ra3 37. c6 Rc3 38. Ke1 e5 39. Kd2
Rc5 40. Kd3 Ke6 41. Rc8 Kf5 42. c7 Kf4 43. Kd2 h4 44. Rh8 Rxc7 45. Rxh4+ Kg5
46. Rg4+ Kf6 47. Rg8 Rc4 48. Rh8 Kg7 49. Rh5 f6 50. Ke3 Kg6 51. Rh3 Ra4 52.
Rg3+ Kh6 53. Rg4 Ra2 54. Kf2 Rb2 55. Re4 Kg5 56. Kg3 Rb1 57. Rg4+ Kh5 58. Rh4+
Kg5 59. Rh8 Kg6 60. Rg8+ Kh5 61. Rf8 Kg6 62. e4 Rg1+ 63. Kh4 Kg7 64. Ra8 Rg2
65. Kh3 Rg1 66. Ra2 Rf1 67. Kg4 Kg6 68. Rg2 Re1 69. h4 Rh1 70. Rg3 Rh2 71. Rg1
Kf7 72. h5 Ke6 73. Rg3 Kf7 74. Rh3 Rg2+ 75. Kh4 Rg1 76. Rh2 Kg7 77. Ra2 Rf1 78.
Kg4 Kf7 79. Rg2 Ke6 80. Rg3 Kf7 81. Rh3 Rg1+ 82. Kh4 Rg2 83. Rh1 Kg7 84. Ra1
Kf7 85. Ra7+ Kg8 86. h6 Rh2+ 87. Kg4 Rxh6 88. Kf5 Rh3 89. Kxf6 Rxf3+ 90. Kxe5
Kf8 91. Ke6 Rb3 92. Ra8+ Kg7 93. Rd8 Rb6+ 94. Rd6 Rb1 95. e5 Re1 96. Rd8 Re2
97. Re8 Ra2 98. Rc8 Ra6+ 99. Ke7 Ra5 100. Kd6 Ra6+ 101. Rc6 Ra1 102. Kd7 Rd1+
103. Rd6 Ra1 104. Ke7 Ra7+ 105. Rd7 Ra1 106. Ke8+ Kg6 107. e6 Kf6 108. e7 Ra8+
109. Rd8 Ra7 110. Rd6+ Kg7 111. Rc6 Ra8+ 112. Kd7 Kf7 113. Rc7 Re8 114. Kd6 Ra8
115. Rb7 Ke8 116. Rb6 Rc8 117. Ra6 Rb8 118. Kc7 Rb1 119. Re6 1/2-1/2

[Event "Oberhausener SV 1 - Kölner SK Dr. Lask"]
[Site "NRW-Klasse - Gruppe 3 2021/20"]
[Date "2022.03.27"]
[Round "7.3"]
[White "Fox, Daniel"]
[Black "Kummerow, Heiko"]
[Result "1-0"]
[WhiteElo "2128"]
[BlackElo "2213"]
[PlyCount "111"]
[EventDate "2022.??.??"]
[SourceVersionDate "2020.03.16"]
[WhiteTeam "Kölner SK Dr. Lasker 2"]
[BlackTeam "Oberhausener SV 1"]

1. e4 e6 2. d4 d5 3. Nd2 c5 4. exd5 Qxd5 5. Ngf3 cxd4 6. Bc4 Qd6 7. O-O Nf6 8.
Nb3 Nc6 9. Nbxd4 Nxd4 10. Qxd4 Qxd4 11. Nxd4 Bc5 12. Nb3 Bb6 13. Be2 Bd7 14.
Bf3 Rc8 15. c3 Bc6 16. Bxc6+ Rxc6 17. a4 a6 18. a5 Ba7 19. Re1 Ke7 20. Be3 Bxe3
21. Rxe3 Rd8 22. f3 Rd5 23. Ra4 Ne8 24. Nd4 Rc7 25. Ra1 Nd6 26. b4 Kf6 27. f4
Nf5 28. Nxf5 Kxf5 29. Rf1 h5 30. g3 Rd2 31. Rf2 Rxf2 32. Kxf2 f6 33. Kf3 g5 34.
fxg5 fxg5 35. Ke2 Kg4 36. Kd3 Rd7+ 37. Kc2 Kh3 38. Re2 Rf7 39. Kd3 g4 40. Kd4
e5+ 41. Kc5 e4 42. Kb6 e3 43. c4 Re7 44. c5 h4 45. gxh4 Kxh4 46. c6 bxc6 47.
Kxa6 Kg5 48. Kb6 Kf4 49. a6 Kf3 50. Re1 Kf2 51. Ra1 e2 52. a7 Re8 53. Kxc6 e1=Q
54. Rxe1 Kxe1 55. b5 Kf2 56. b6 1-0

[Event "Oberhausener SV 1 - Kölner SK Dr. Lask"]
[Site "NRW-Klasse - Gruppe 3 2021/20"]
[Date "2022.03.27"]
[Round "7.4"]
[White "Nissen, Claus"]
[Black "Hoeren, Andreas"]
[Result "1/2-1/2"]
[WhiteElo "2123"]
[BlackElo "2092"]
[PlyCount "26"]
[EventDate "2022.??.??"]
[SourceVersionDate "2020.03.16"]
[WhiteTeam "Oberhausener SV 1"]
[BlackTeam "Kölner SK Dr. Lasker 2"]

1. Nf3 e6 2. c4 f5 3. g3 Nf6 4. Bg2 Be7 5. O-O O-O 6. b3 d6 7. d4 Ne4 8. Nfd2
Nxd2 9. Nxd2 Bf6 10. Bb2 e5 11. dxe5 dxe5 12. b4 e4 13. Bxf6 Qxf6 1/2-1/2

[Event "Oberhausener SV 1 - Kölner SK Dr. Lask"]
[Site "NRW-Klasse - Gruppe 3 2021/20"]
[Date "2022.03.27"]
[Round "7.5"]
[White "Diesner, Michael"]
[Black "Alkhazashvili, Ololi"]
[Result "0-1"]
[WhiteElo "2040"]
[BlackElo "2131"]
[PlyCount "88"]
[EventDate "2022.??.??"]
[SourceVersionDate "2020.03.16"]
[WhiteTeam "Kölner SK Dr. Lasker 2"]
[BlackTeam "Oberhausener SV 1"]

1. d4 Nf6 2. c4 e6 3. Nf3 b6 4. e3 Bb7 5. Be2 c5 6. O-O Be7 7. b3 cxd4 8. exd4
d5 9. Bb2 O-O 10. Nbd2 Nc6 11. Re1 Rc8 12. a3 Bd6 13. Bd3 Bf4 14. Qe2 Re8 15.
Rad1 Qc7 16. cxd5 Nxd5 17. Ne4 Na5 18. g3 Bh6 19. b4 Nc6 20. b5 Nce7 21. Ne5 f5
22. Nd2 Nc3 23. Qh5 Ned5 24. Ndc4 Nxd1 25. Qxd1 g6 26. a4 Nf6 27. Ba3 Bf8 28.
Bxf8 Rxf8 29. Qd2 Rcd8 30. Qf4 Be4 31. Bxe4 Nxe4 32. f3 Nd6 33. Ne3 Rc8 34. Nc6
Nf7 35. Qxc7 Rxc7 36. d5 exd5 37. Nxd5 Rb7 38. Re7 Rxe7 39. Ndxe7+ Kg7 40. Nxa7
Ne5 41. Nec8 Nc4 42. a5 bxa5 43. b6 Rf7 44. Nb5 Rb7 0-1

[Event "Oberhausener SV 1 - Kölner SK Dr. Lask"]
[Site "NRW-Klasse - Gruppe 3 2021/20"]
[Date "2022.03.27"]
[Round "7.6"]
[White "Mancic, Ivan"]
[Black "Rosenkraenzer, Torsten"]
[Result "1/2-1/2"]
[WhiteElo "2129"]
[BlackElo "2028"]
[PlyCount "91"]
[EventDate "2022.??.??"]
[SourceVersionDate "2020.03.16"]
[WhiteTeam "Oberhausener SV 1"]
[BlackTeam "Kölner SK Dr. Lasker 2"]

1. d4 d5 2. c4 e6 3. g3 dxc4 4. Bg2 c5 5. Nf3 Nc6 6. O-O cxd4 7. Qa4 Bd7 8.
Qxc4 Qb6 9. Na3 Bxa3 10. bxa3 e5 11. Ng5 Nd8 12. Bd2 Rc8 13. Qd3 Qb5 14. Ne4
Qxd3 15. exd3 Rc2 16. Bb4 Be6 17. Rfc1 Rxc1+ 18. Rxc1 Nc6 19. Nd6+ Kd7 20. Nxb7
Nge7 21. Nc5+ Kd6 22. Ne4+ Kd7 23. Nc5+ Kd6 24. Bxc6 Nxc6 25. Nxe6+ Nxb4 26.
axb4 Kxe6 27. Rc7 Rb8 28. a3 a5 29. Rc6+ Kd7 30. Rc4 axb4 31. axb4 Ra8 32. Rc5
Kd6 33. Kf1 Ra2 34. Ke1 Rb2 35. Rb5 h5 36. Rb6+ Kc7 37. Rb5 f6 38. h4 Rb3 39.
Ke2 Rb2+ 40. Ke1 Kc8 41. Rb6 Kc7 42. Re6 Kd7 43. Ra6 Rxb4 44. Ra7+ Ke6 45. Rxg7
Kf5 46. f3 1/2-1/2

[Event "Oberhausener SV 1 - Kölner SK Dr. Lask"]
[Site "NRW-Klasse - Gruppe 3 2021/20"]
[Date "2022.03.27"]
[Round "7.7"]
[White "Mews, Bernhard"]
[Black "Ciornei, Dragos"]
[Result "0-1"]
[WhiteElo "1984"]
[BlackElo "2071"]
[PlyCount "78"]
[EventDate "2022.??.??"]
[SourceVersionDate "2020.03.16"]
[WhiteTeam "Kölner SK Dr. Lasker 2"]
[BlackTeam "Oberhausener SV 1"]

1. d4 Nf6 2. Nc3 g6 3. e4 d6 4. Bf4 c6 5. Qd2 Qa5 6. Nf3 Nbd7 7. h3 e5 8. Be3
Bg7 9. Bd3 O-O 10. dxe5 Nxe5 11. Nxe5 dxe5 12. O-O Nh5 13. Be2 Rd8 14. Qc1 Nf4
15. Bxf4 exf4 16. Qxf4 Bxc3 17. bxc3 Qxc3 18. Bd3 Be6 19. h4 f6 20. Rfe1 Kg7
21. Rab1 Rd7 22. e5 Rf8 23. h5 fxe5 24. h6+ Kg8 25. Qg5 Qd4 26. Rxe5 Qxf2+ 27.
Kh1 Qf6 28. Qe3 Bxa2 29. Re1 Qh4+ 30. Kg1 Rdf7 31. Re4 Qf2+ 32. Qxf2 Rxf2 33.
Ra1 Bd5 34. Rg4 a6 35. c4 Be6 36. Rg3 R8f4 37. Bxg6 hxg6 38. Rxg6+ Kf7 39. Rg7+
Kf6 0-1

[Event "Oberhausener SV 1 - Kölner SK Dr. Lask"]
[Site "NRW-Klasse - Gruppe 3 2021/20"]
[Date "2022.03.27"]
[Round "7.8"]
[White "Voge, Andreas"]
[Black "Glaser, Steffen"]
[Result "1/2-1/2"]
[WhiteElo "2012"]
[BlackElo "1927"]
[PlyCount "32"]
[EventDate "2022.??.??"]
[SourceVersionDate "2020.03.16"]
[WhiteTeam "Oberhausener SV 1"]
[BlackTeam "Kölner SK Dr. Lasker 2"]

1. e4 Nc6 2. Nf3 Nf6 3. e5 Nd5 4. d4 d6 5. c4 Nb6 6. exd6 exd6 7. Be2 Be7 8.
O-O O-O 9. Be3 Bf6 10. Nc3 Bf5 11. Rc1 Ne7 12. d5 Bg6 13. Qd2 Nf5 14. Bf4 Re8
15. Bd3 Nh4 16. Nxh4 Bxc3 1/2-1/2

[Event "Krefelder SK Turm 2 - Ratinger SK 1"]
[Site "NRW-Klasse - Gruppe 3 2021/20"]
[Date "2022.03.27"]
[Round "7.1"]
[White "Gatterer, Matthias"]
[Black "Markgraf, Jonas"]
[Result "1/2-1/2"]
[WhiteElo "1982"]
[BlackElo "2022"]
[PlyCount "43"]
[EventDate "2022.??.??"]
[SourceVersionDate "2020.03.16"]
[WhiteTeam "Ratinger SK 1"]
[BlackTeam "Krefelder SK Turm 2"]

1. d4 Nf6 2. Nf3 e6 3. c4 Bb4+ 4. Nbd2 b6 5. g3 Bb7 6. Bg2 O-O 7. O-O Bxd2 8.
Bxd2 d6 9. Bc3 Ne4 10. Qc2 Nxc3 11. Qxc3 Nd7 12. Rad1 Nf6 13. Ne1 Bxg2 14. Nxg2
Qe7 15. Ne3 Ne4 16. Qc2 Nf6 17. Rd2 a5 18. Rfd1 Nd7 19. Qe4 Rac8 20. Nd5 Qd8
21. Nc3 Nf6 22. Qf4 1/2-1/2

[Event "Krefelder SK Turm 2 - Ratinger SK 1"]
[Site "NRW-Klasse - Gruppe 3 2021/20"]
[Date "2022.03.27"]
[Round "7.2"]
[White "Reuter, Julian-Frank"]
[Black "Liedtke, Dirk"]
[Result "1-0"]
[WhiteElo "1924"]
[BlackElo "2100"]
[PlyCount "91"]
[EventDate "2022.??.??"]
[SourceVersionDate "2020.03.16"]
[WhiteTeam "Krefelder SK Turm 2"]
[BlackTeam "Ratinger SK 1"]

1. d4 Nf6 2. Nf3 g6 3. g3 Bg7 4. Bg2 O-O 5. O-O c6 6. c4 d5 7. b3 Bf5 8. Bb2 a5
9. Nc3 Ne4 10. Nxe4 Bxe4 11. Qd2 Nd7 12. Bh3 Bxf3 13. exf3 dxc4 14. bxc4 Nb6
15. Rac1 e5 16. Rfd1 exd4 17. c5 Nd5 18. Bxd4 Bxd4 19. Qxd4 Qf6 20. Qxf6 Nxf6
21. Rd6 Kg7 22. Rb1 Rab8 23. Rd3 Nd5 24. Rdb3 b5 25. cxb6 Rb7 26. Rc1 Rfb8 27.
Rxc6 Rxb6 28. Rbxb6 Nxb6 29. Rc7 Kf6 30. Ra7 a4 31. Ra5 Ke7 32. Bf1 Kd6 33. Bb5
Kc5 34. a3 Kd4 35. Bxa4 Nc4 36. Ra7 Ne5 37. Kg2 Rb2 38. Be8 Nd3 39. Rd7+ Kc3
40. Rc7+ Kd4 41. Rxf7 Rxf2+ 42. Kh3 h5 43. Rd7+ Ke3 44. Bxg6 Ne5 45. Re7 Kd4
46. Bxh5 1-0

[Event "Krefelder SK Turm 2 - Ratinger SK 1"]
[Site "NRW-Klasse - Gruppe 3 2021/20"]
[Date "2022.03.27"]
[Round "7.3"]
[White "Katz, Rafael"]
[Black "Komans, Dieter"]
[Result "1-0"]
[WhiteElo "1958"]
[BlackElo "1980"]
[PlyCount "65"]
[EventDate "2022.??.??"]
[SourceVersionDate "2020.03.16"]
[WhiteTeam "Ratinger SK 1"]
[BlackTeam "Krefelder SK Turm 2"]

1. d4 Nf6 2. Bf4 Nh5 3. Bg5 h6 4. Bh4 g5 5. e3 gxh4 6. Qxh5 d5 7. Qxh4 Rg8 8.
Nf3 Bg7 9. Nc3 c6 10. O-O-O Be6 11. Ne5 Nd7 12. f4 Rc8 13. Rg1 b5 14. g4 Bf6
15. Qh5 Qb6 16. f5 Nxe5 17. fxe6 Rg5 18. Qxh6 fxe6 19. h4 Nf7 20. Qh7 Rg7 21.
Qh5 Kd7 22. g5 Be5 23. Bh3 Nd8 24. Qg4 Bd6 25. h5 Qa5 26. Kb1 Ba3 27. Rd3 Rb8
28. Nd1 b4 29. g6 c5 30. dxc5 Qxc5 31. bxa3 Rb6 32. Qd4 Kd6 33. Qxg7 1-0

[Event "Krefelder SK Turm 2 - Ratinger SK 1"]
[Site "NRW-Klasse - Gruppe 3 2021/20"]
[Date "2022.03.27"]
[Round "7.4"]
[White "Panjer, Sydney"]
[Black "Springer, Ralf"]
[Result "1/2-1/2"]
[WhiteElo "1946"]
[BlackElo "2079"]
[PlyCount "32"]
[EventDate "2022.??.??"]
[SourceVersionDate "2020.03.16"]
[WhiteTeam "Krefelder SK Turm 2"]
[BlackTeam "Ratinger SK 1"]

1. Nf3 Nf6 2. c4 g6 3. Nc3 Bg7 4. e4 d6 5. d4 O-O 6. Be2 e5 7. dxe5 dxe5 8.
Qxd8 Rxd8 9. Bg5 Na6 10. Nd5 Nxd5 11. cxd5 f6 12. Be3 Bf8 13. Rc1 b6 14. Nd2
Bd6 15. f3 Nc5 16. O-O a5 1/2-1/2